Lord of the Rings Characters Easy - Statistics

General Stats
  • This quiz has been taken 29 times
  • The average score is 7 of 15
Answer Stats
Hint Answer % Correct
1. The Ring Bearer Frodo Baggins
96%
3. Name Changed from "theGrey" to "the White" Gandalf the Grey/White
70%
5. Elf Friend of 4 Legolas
70%
2. Best Friend Of 1 Samwise Gamgee
70%
10. Evil Wizard Saruman
52%
15. Uncle of 1 Bilbo Baggins
44%
14. 1 and 2's Guide to Mordor Gollum/Smeagol
41%
9. Creature that 3 fights in1st Movie The Balrog
41%
12. 4's Girlfriend Arwen
37%
8. Friend and Cousin of 7 Peregrin (Pippin) Took
37%
4. The New King in Third Movie Aragorn Elessar/Strider
33%
6. Dwarf Friend of 4 Gimli, Son of Gloin
33%
7. Friend and Cousin of 8 Meriadoc (Merry) Brandybuck
26%
13. 12’s Dad Elrond of Rivendell
7%
11. Person who Made the Ringand has similar name of 10 Sauran
7%
No matching quizzes found
Score Distribution
Percent of People with Each Score
Percentile by Number Answered
Your Score History
You have not taken this quiz